| 000 | 01151nam a2200313 a 4500 | ||
|---|---|---|---|
| 001 | 37551 | ||
| 003 | BD-RjUL | ||
| 005 | 20211209052624.0 | ||
| 008 | 150125s1987 acaa b f000 0 eng d | ||
| 020 | _a094951134X | ||
| 035 | _a(BD-RjUL)37655 | ||
| 035 | _a197099 | ||
| 040 |
_aANB _beng _cANB _dNSL:R |
||
| 041 | _aeng | ||
| 082 | 0 | 4 |
_a633.1049951 _219 _bSNG 1987 |
| 100 | 1 |
_aSnelson, J. T. _q(Jack Thurston) _9115332 |
|
| 245 | 1 | 0 |
_aGrain protectants / _cJ.T. Snelson. |
| 260 |
_aCanberra : _bPublished in collaboration with the Dept. of Primary Industry by the Australian Centre for International Agricultural Research, _c1987. |
||
| 300 |
_aix, 448 p. : _bill. ; _c25 cm. |
||
| 504 | _aBibliography: p. 381-448. | ||
| 650 | 0 |
_aGrain _xDiseases and pests _xControl. _9115334 |
|
| 650 | 0 |
_aGrain _xStorage _xDiseases and injuries. _9115335 |
|
| 650 | 0 |
_aInsect pests _xControl. _9115023 |
|
| 650 | 0 |
_aInsecticides. _9115291 |
|
| 710 | 1 |
_aAustralia. _bDepartment of Primary Industry. _9115336 |
|
| 710 | 2 |
_aAustralian Centre for International Agricultural Research. _9114930 |
|
| 942 |
_2ddc _cBK |
||
| 999 |
_c37551 _d37551 |
||